| 000 | 00000nam##2200000za#4500 |
| 001 | 9.602453 |
| 003 | CaOODSP |
| 005 | 20210624210600 |
| 007 | cr ||||||||||| |
| 008 | 150406|1994||||xxc|||||o f|0| 0 fre|d |
| 040 | |aCaOODSP|bfre |
| 043 | |an-cn--- |
| 086 | 1 |aJS5-1/8-1994F-PDF |
| 110 | 1 |aCanada. |bSolliciteur général Canada. |
| 245 | 13|aLa conquête par le droit / |h[ressource électronique]|cpar Christie Jefferson. |
| 260 | |bSolliciteur général Canada |cJuillet 1994. |
| 300 | |a200p.|bréférences |
| 490 | 1 |aCollection sur les Autochtones|vCA 8 APC (1994) |
| 504 | |aBibliographie. |
| 590 | |a11-26-Supp|b2011-11-03 |
| 720 | 1 |aJefferson, Christie |
| 775 | 08|tConquest by law / |w(CaOODSP)9.571477 |
| 830 | #0|aCollection sur les autochtones ;|vCA 8 APC (1994)|w(CaOODSP)9.501991 |
| 856 | 40|ahttp://publications.gc.ca|qPDF|s859 Ko|uhttps://publications.gc.ca/collections/collection_2011/sp-ps/JS5-1-8-1994-fra.pdf|yCA 8 APC (1994) |